000 00302nam a22001217a 4500
999 _c8555
_d8555
008 200317b ||||| |||| 00| 0 eng d
100 _aGokhale, S. B.
245 _aPractical Pharmacognosy
250 _a20th
_b2019
260 _aNew Delhi
_bNirali Prakashan
650 _aPharmacognosy
942 _2ddc
_cBK